South Eastern Kenya University

Library Online Public Access Catalogue


Under the lilacs / (Record no. 7787)

MARC details
000 -LEADER
fixed length control field 01090cam a22002291a 4500
050 00 - LIBRARY OF CONGRESS CALL NUMBER
Classification Number PZ 7
Item Number .A33
100 1# - MAIN ENTRY--Author
Personal name Alcott, Louisa May,
Dates associated with a name 1832-1888.
245 10 - TITLE
Title Under the lilacs /
Statement of responsibility, etc by Louisa M. Alcott ...
260 ## - PUBLICATION, DISTRIBUTION, ETC.(IMPRINT)
Place of publication, distribution, etc Boston :
Name of publisher, distributor, etc Roberts Brothers,
Date of publication, distribution, etc 1878
Place of manufacture (Cambridge :
Manufacturer Press of John Wilson & Son)
300 ## - PHYSICAL DESCRIPTION
Extent [8], 305, [7] p., [4] leaves of plates :
500 ## - GENERALNOTE
General note First American edition; cf. Blanck, cited below. London edition issued in parts from 1877-1878.
500 ## - GENERALNOTE
General note Publisher's illustrated advertisements: [6] pages following text.
500 ## - GENERALNOTE
General note Half-title.
500 ## - GENERALNOTE
General note One illustration signed H. Wolf.
500 ## - GENERALNOTE
General note Frontispiece has guardsheet.
500 ## - GENERALNOTE
General note Includes dedication; table of contents.
500 ## - GENERALNOTE
General note On the title-page, in the author's list of books, Little men is not followed by a closing quotation mark (i.e. "Little men). Blanck notes this form as well as that printed as "Little men,' with a closing single quotation mark.
650 #0 - SUBJECT--TOPIC
Form subdivision Juvenile literature.
650 #0 - SUBJECT--TOPIC
Form subdivision Juvenile literature.
650 #0 - SUBJECT--TOPIC
Form subdivision Juvenile literature.
942 ## - ADDED ENTRY ELEMENTS(KOHA)
Source of classification or shelving scheme Library of Congress Classification
Koha item type General circulation
Holdings
Source of classification or shelving scheme Not for loan Location (home branch) Sublocation (holding branch) Shelving location Date accessioned Full call number Barcode Koha item type Public note
Library of Congress Classification   Main Campus Library Main Campus Library   30/07/2015 PZ 7 .A33 2015/005560 General circulation smo
Kitui, Kenya.
+254736116989
library@seku.ac.ke